书目信息 |
| 题名: |
建筑应用电工
|
|
| 作者: | 喻建华 主编 | |
| 分册: | ||
| 出版信息: | 武汉 武汉工业大学出版社 1998.11 |
|
| 页数: | 276页 | |
| 开本: | 16开 | |
| 丛书名: | ||
| 单 册: | ||
| 中图分类: | TU85-43 | |
| 科图分类: | ||
| 主题词: | 房屋建筑设备:机电设备 | |
| 电子资源: | ||
| ISBN: | 7-5629-1420-6 | |
| 000 | 00569nam0 2200193 45 | |
| 001 | 0010232046 | |
| 005 | 20010417103421.1 | |
| 010 | @a7-5629-1420-6@d18.00元 | |
| 100 | @a20001023d1998 km y0chiy0120 ea | |
| 101 | 0 | @achi |
| 105 | @a z 000yy | |
| 200 | 1 | @a建筑应用电工@AJian Zhu Ying Yong Dian Gong@f喻建华主编@FYu Jian Hua Zhu Bian |
| 210 | @a武汉@c武汉工业大学出版社@d1998.11 | |
| 215 | @a276页@d16开 | |
| 606 | 0 | @a房屋建筑设备:机电设备 |
| 690 | @aTU85-43@v3 | |
| 701 | 0 | @a喻建华@4主编 |
| 801 | @aCN@bPftUser@c20001023 | |
| 905 | @dTU85-43@eY321@b339140-142@f3 | |
| 建筑应用电工/喻建华主编.-武汉:武汉工业大学出版社,1998.11 |
| 276页;16开 |
| ISBN 7-5629-1420-6:18.00元 |
| ● |
| 相关链接 |
|
|
|
正题名:建筑应用电工
索取号:TU85-43/Y321
 
预约/预借
| 序号 | 登录号 | 条形码 | 馆藏地/架位号 | 状态 | 备注 |
| 1 | 339140 | 203391409 | 建筑库201/201建筑库 84排2列2层/ [索取号:TU85-43/Y321] | 在馆 | |
| 2 | 339141 | 203391418 | 建筑库201/201建筑库 84排2列2层/ [索取号:TU85-43/Y321] | 在馆 | |
| 3 | 339142 | 203391427 | 建筑库201/201建筑库 84排2列2层/ [索取号:TU85-43/Y321] | 在馆 |